| 000 | 00347nam a2200133Ia 4500 | ||
|---|---|---|---|
| 008 | 240624s9999 xx 000 0 und d | ||
| 041 | _aeng | ||
| 082 | _a954 NIL | ||
| 100 | _aNILEKANI NANDAN | ||
| 245 | _aIMAGINING INDIA IDEAS FOR THE NEW CENTUR | ||
| 260 |
_c2008 _aNew Delhi _bPenguin Books |
||
| 300 | _a531 : p. : cm. ; 24 | ||
| 365 |
_cRS _b30 |
||
| 999 |
_c12517 _d12517 |
||